00872nam a2200205 a 450000100100000000500170001000800410002702000150006804000250008324501870010826000410029530000210033649000140035770000560037170000510042770000450047883000210052395201050054499900170064900004296020201002040530.0140213s2005 sp 000 0 spa d a8484562182 aDO-SdBNPbspacBNPHU00aManual de Derecho procesal penal Nicaragüense /cCésar R. Crisóstomo Barrientos Pellecer ... [et al.] ; cordinadores José María Tijerino Pacheco, Juan Luis Gómez Colomer. aValencia :bTirant lo Blanch,c2005. a621 p. ;c24 cm.1 aManueales1 aBarrientos Pellecer, César R. Crisóstomo9704501 aTijerino Pacheco, José Maríaecoor.9704511 aGómez Colomer, Juan Luisecoor.970452 0aManueales935652 001050718MOaGRbGRcCTd2014-02-13iLF1l0o p42960-10r2020-06-25w2020-06-25y1ZNo se presta c42449d42449